Normal view
MARC view
- Supervisor Brig. Dr. Shoab Ahmed Khan
Entry Personal Name
001 - CONTROL NUMBER
- control field: 70639
003 - CONTROL NUMBER IDENTIFIER
- control field: NUST
005 - DATE AND TIME OF LATEST TRANSACTION
- control field: 20210628204529.0
008 - FIXED-LENGTH DATA ELEMENTS
- fixed length control field: 210628|| aca||aabn | a|a d
040 ## - CATALOGING SOURCE
- Original cataloging agency: NUST
- Transcribing agency: NUST
100 ## - HEADING--PERSONAL NAME
- Personal name: Supervisor Brig. Dr. Shoab Ahmed Khan
670 ## - SOURCE DATA FOUND
- Source citation: Work cat.: (NUST): NC Zain Haider Nemati NC Muhammad Arslan Aziz NC Muhammad Sohaib Munir NC Muhammad Mubashir Irfan 70637, PR-SOF-1838-Industry 4.0 Compliant Generic IIoT Ecosystem for Industrial Equipment Digitization, 2019
